000 01206cab a2200229 4500
001 X90077
008 090401t1998 xxu||||| |||| 00| 0 eng d
035 _a(Sirsi) u84529
041 _aeng
245 _aCamden LBC and Kings College London
260 _c1998
350 _a0
490 _aPlanning Appeal Decisions
_v[1998] 13 pad 16-26(11)
520 _aPlanning refusal and listed building refusal - 3 sorey building - 87 new residencial student study bedrooms - existing chapel as common room - relocation of former summerhouse - borough and unitary development plans - housing policy - whether proposal would preserve or enhance character and appearance of the area - conservation area - listed buildings - urban design, conservation and environment policies - whether loss of open space and backland development - absence of any historic intention not to develop - relationship to other buildings - effect on existing trees - conditions. HEADNOTE FROM JOURNAL.
650 _aCAMDEN LBC AND KINGS COLLEGE LONDON
650 _aCONSERVATION AREA
650 _aLISTED BUILDING
650 _aSTUDENT ACCOMMODATION
690 _aPLANNING LAW AND PRACTICE
942 _n0
948 _c26/02/1998
999 _c53121
_d53121